Životní prostředí věc veřejná i soukromá

Guardado en:
Detalles Bibliográficos
Autor principal: Mezřický, Václav
Formato: Libro
Lenguaje:checo
Publicado: Praha Práce 1986
Edición:1. vyd.
Colección:Delfín
Etiquetas: Agregar Etiqueta
Sin Etiquetas, Sea el primero en etiquetar este registro!

MARC

LEADER 00000nam a2200000 4500
001 c032806
005 20250516124034.7
041 0 |a cze 
044 |a CZ 
245 1 0 |a Životní prostředí věc veřejná i soukromá  |c V. Mezřický a kol. 
250 |a 1. vyd. 
264 1 |a Praha  |b Práce  |c 1986 
300 |a 343 s. 
490 1 |a Delfín 
830 0 |a Delfín 
100 1 |a Mezřický, Václav